Normal view
MARC view
- Supervisor Dr. Mojeeb Bin Ishan
Entry Corporate Name
001 - CONTROL NUMBER
- control field: 102583
003 - CONTROL NUMBER IDENTIFIER
- control field: NUST
005 - DATE AND TIME OF LATEST TRANSACTION
- control field: 20221114134135.0
008 - FIXED-LENGTH DATA ELEMENTS
- fixed length control field: 221114|| aca||aabn | a|a d
040 ## - CATALOGING SOURCE
- Original cataloging agency: NUST
- Transcribing agency: NUST
110 ## - HEADING--CORPORATE NAME
- Corporate name or jurisdiction name as entry element: Supervisor Dr. Mojeeb Bin Ishan
670 ## - SOURCE DATA FOUND
- Source citation: Work cat.: (NUST): Sammia Tariq 102582, TH-SOF-2106-Wideband and Multiband Metamaterial Based Microwave Passive Components, 2022.
